000 01504nam a2200457 i 4500
001 453
003 KOSZ 005
005 20200820112729.0
008 040519s1975 pl a f |000 0 pol
015 _aUWD 1976/559
035 _a991023361279705066
035 _a(PL-WaBN)b16401591-48omnis_nlop
035 _ab16401591
035 _a(OCoLC)749285549
035 _a(PL)b0000001640159
035 _a(EXLNZ-48OMNIS_NETWORK)9910113258705606
040 _aWA N
_cWA N
_dKOSZ 005/HR
041 0 _apol
046 _k1975
080 _a697
245 0 0 _aInstalacje wentylacyjne i klimatyzacyjne :
_bprojektowanie układów /
_cAndrzej Borysiewicz [et al.].
260 _aWarszawa :
_b"Arkady",
_c1975.
300 _a451, [1] s., [2] k. tabl. :
_b346 il., 48 tab., wykr. ;
_c22 x 31 cm.
336 _aTekst
_btxt
_2rdacontent
337 _aBez urządzenia pośredniczącego
_bn
_2rdamedia
338 _aWolumin
_bnc
_2rdacarrier
380 _aKsiążki
388 _a1901-2000
388 _a1945-1989
650 7 _aKlimatyzacja
_2DBN
650 7 _aUrządzenia klimatyzacyjne
650 7 _aWentylacja
_2DBN
650 7 _aUrządzenia
650 7 _aProjektowanie
658 _aInżynieria i technika
700 1 _aBorysiewicz, Andrzej
_eAutor
710 2 _aWydawnictwo Arkady
_4pbl
856 _uhttp://koha.tu.koszalin.pl/cgi-bin/koha/opac-detail.pl?biblionumber=453
_yKAtalog online BPK
942 _2UKD
_cKS
999 _c453
_d453